=LDR 00000nam 2200000 4500 =001 INLIS000000000046408 =005 20150316091915.0 =006 =007 =008 =020 ##$$a 978-602-258-242-7 =035 ##$$0010-031500000000180 =040 ##$$a NBPDMAT =082 ##$$a 370 =090 ##$$a 370 4b Cok k =100 ##$$a Cokorda Istrisuryati =245 ##$$a kearifan tradisional masyarakat NTB kaitannya dengan pendidikan korupsi $c Cokorda Istrisuryati =260 ##$$a yogyakarta $b Penerbit ombak $c 2014 =300 ##$$a xi, 141 hlm $b ilus $c 21 cm =500 ##$$a Bibliografi : hlm. 132-135 =700 ##$$a Cokorda Istrisuryati =990 ##$$a 0001/BPAP-NTB/20142015